Statistics for Disney Films

Click here to take the quiz!

General Stats

  • This quiz has been taken 43 times
  • The average score is 31 of 37

Answer Stats

Disney CharactersDisney Films% Correct
SvenFrozen
97%
ElsaFrozen
97%
AnnaFrozen
97%
KristoffFrozen
97%
JasmineAladdin
95%
AliceAlice In Wonderland
95%
Mad HatterAlice In Wonderland
95%
ChipBeauty And The Beast
95%
BelleBeauty And The Beast
95%
ScarThe Lion King
95%
SimbaThe Lion King
95%
NalaThe Lion King
95%
Wendy DarlingPeter Pan
92%
Captain HookPeter Pan
92%
ArielThe Little Mermaid
92%
FounderThe Little Mermaid
92%
UrsulaThe Little Mermaid
92%
WoodyToy Story
92%
Buzz LightyearToy Story
92%
BalooThe Jungle Book
87%
King LouieThe Jungle Book
87%
RapunzelTangled
84%
LadyLady And The Tramp
82%
AuroraSleeping Beauty
82%
MaleficantSleeping Beauty
82%
FaunaSleeping Beauty
82%
MeridaBrave
79%
HadesHercules
79%
MushuMulan
76%
TianaThe Princess And The Frog
76%
Cruella De Vil101 Dalmations
66%
MiguelCoco
61%
DocSnow White And The 7 Dwarfs
61%
MerlinThe Sword In The Stone
61%
Judy HoppsZootopia
58%
JessieToy Story 2
55%
The Blue FairyPinoccio
39%

Score Distribution

Percentile by Number Answered

Percent of People with Each Score

Your Score History

You have not taken this quiz